1505 1186 1897 1350 1759 1998 1619 1215 1375 1872 1840 1242 1541 1653 1675 1903 1034 1915 1324 1730 1424 1326 1786 1716 1456 1112 1683 1498 1767 1662 1941 1621 1652 1906 1801 1060 1361 1266 1929 1308 1570 1680 1775 1477 1329 1983 1702 1244 1139 1330 1785 1164 1778 1293 1413 1090 1022 1236 1950 1338 1851 1548 1925 1907 1942 1003 1628 1873 1599 1111 1768 1995 1974 1587 1944 1200 1246 1346 1540 1234 1489 1207 1406 1521 1246 1016 1835 1805 1241 1730 1316 1979 1678 1733 1577 1700 1206 1182 1988 BCNSPRNW ULIB Ver.6.0+V

เปลี่ยนเป็นภาษาไทย

Change to English
 แสดงรายละเอียดบรรณานุกรม
  กลับหน้าหลัก

Brief Record : Get Marc (ISO 2709) : E-mail record : QR code < ปิดหน้าต่าง
LEADER : 00000nam 2200000uu 4500
001    13399110289
003     ULIB
008    110427s2549||||th 000 0 tha d
020    9747152533
060 04 WM172^bถ459ส 2549
100 0  ถือศีล ติฐวัฒน์โยธิน
245 10 สกัดต่อมเครียด /^cถือศีล ติฐวัฒน์โยธิน
260    กรุงเทพ ฯ :^bรักลูกบุ๊คส์,^c2549
300    216 หน้า
650  4 ความเครียด
650  4 จิตวิทยาเด็ก
945    ^p179^l0^i023152
995    ทศพร
999 ^a ใช้งานได้ทุกระบบ
รายการนี้ยังไม่มีแท็ก
คุณยังไม่ได้ล็อกอิน คุณสามารถมีกิจกรรมร่วมกับเว็บไซต์ได้ แต่ต้องล็อกอินก่อน ::
  ล็อกอิน

รายการสื่อสารสนเทศ

ลำดับที่ ประเภท เลขเรียก/บาร์โค้ด สถานที่ สถานะ
- ไม่พบข้อมูล -

รายการใกล้เคียง
    หัวเรื่อง [ความเครียด]
    หัวเรื่อง [จิตวิทยาเด็ก]

BibComment


ยังไม่เคยถูกคอมเมนท์

คอมเมนท์ทรัพยากรรายการนี้
  คอมเมนท์: สกัดต่อมเครียด ถ..


 Copyright 2026. Bcnsprnw @Library